000 01871nam a2200229Ia 4500
003 Ost
005 20260507075242.0
008 260507s9999||||xx |||||||||||||| ||und||
040 _cfsecg
041 _aara
082 _a330
100 _aياسين، سعد غالب
_eمؤلف
245 0 _aتحليل و تصميم نظم المعلومات /
_c سعد غالب ياسين
260 _aعمان:
_bدار المناهج,
_c2010
300 _a321 صفحة؛
_bإيضاحات ؛
_c24 سم
504 _aمراجع ص.390 ؛ملاحق ص.293 ؛ قائمة المصطلحات ص.313
520 _a1)أنواع نظم المعلومات المحوسبة : تطور نظم المعلومات ، الذكاء الصناعي ، النظم الخبيرة ، تقنيات الذكاء الصناعي الأخرى ، نظم المعلومات التنفيذية الاستراتيجية ، 2)نظم المعلومات في منظمات الأعمال الحديثة : نظم المعلومات الإدارية في منظمات الأعمال ، نظم المعلوما ت الإدارية و المستويات الإدارية ، نظم المعلومات الإدارية ،3) نظرية منهجية إلى تحليل و تصميم النظم : نظرية النظم العامة و تحليل و تصميم النظم ، المداخل البديلة لتصميم نظم المعلومات المحوسبة ، منهجية تطوير و تصميم نظم المعلومات ، 4) تقنيات تحليل و تصميم النظم ،5) تصميم قاعدة البيانات و شبكات الاتصال ،6) طرق تحليل و تصميم و تطوير نظم المعلومات الادارية .
653 _aإدارة الاعمال
653 _aالحواسيب
653 _aنظم المعلومات- المؤسسة الممتدة
942 _cكتاب
999 _c43628
_d43628